| 000 | 00516aam a2200181 4500 | ||
|---|---|---|---|
| 005 | 20161208141157.0 | ||
| 008 | 150427b xxu||||| |||| 00| 0 spa d | ||
| 041 | _aEspañol | ||
| 082 | _a395 M971p | ||
| 100 |
_aMuñoz de Antillón, Flora _934783 |
||
| 100 |
_aAntillón Salazar, Alvar _934784 |
||
| 245 | _aProtocolo corporativo y organización de eventos | ||
| 260 |
_aCosta Rica _bLitografía e Imprenta Lil _c1994 |
||
| 300 | _a96 páginas | ||
| 650 |
_aÉTICA _9489 |
||
| 650 |
_aETIQUETA _92786 |
||
| 942 | _cBK | ||
| 999 |
_c5043 _d5043 |
||